Mots de la langue française terminés par "rene" - Statistiques

Statistiques générales
  • Ce quiz a été pris 145 fois
  • Le résultat moyen est 7 sur 13
Statistiques - réponses
Indice Mot % Correct
prénom féminin Irène
93%
aire sablée arène
81%
créature légendaire sirène
78%
courroie rêne
77%
arbre frêne
72%
poisson murène
68%
partie immergée de la coque d'un bateau carène
55%
nécrose des tissus gangrène
48%
colle néoprène
42%
matière isolante polystyrène
23%
prénom féminin Laurene
20%
petit nénuphar morène
5%
composé chimique pyrène
3%
Aucun quiz correspondant
Distribution des résultats
% des personnes avec chaque résultat
Percentile par nombre de réponses
Votre historique - résultats
Vous n’avez pas pris ce quiz